Normal view
MARC view
Entry Personal Name
001 - CONTROL NUMBER
- control field: 1238094
003 - CONTROL NUMBER IDENTIFIER
- control field: OSt
005 - DATE AND TIME OF LATEST TRANSACTION
- control field: 20260430150637.0
008 - FIXED-LENGTH DATA ELEMENTS
- fixed length control field: 260430|| aca||aabn | a|a d
040 ## - CATALOGING SOURCE
- Original cataloging agency: OSt
- Transcribing agency: OSt
100 ## - HEADING--PERSONAL NAME
- Personal name: Dabas Neetu Au.; Singh Prakash Gu
670 ## - SOURCE DATA FOUND
- Source citation: Work cat.: (OSt)1850286: Dabas Neetu Au.; Singh Prakash Gu., Student Politics in India: Post 1990, Trends and Challenges, 2024
